[Event "Skakliga 2007-08"]
[Site "Denmark"]
[Date "2007.11.11"]
[Round "2.5"]
[White "Larsen, Ole Bogh"]
[Black "Strandby, Martin"]
[Result "1-0"]
[WhiteElo "2235"]
[BlackElo "2072"]
[PlyCount "87"]
[EventDate "2007.11.10"]
[EventType "team-tourn"]
[EventRounds "9"]
[EventCountry "DEN"]
[Source "ChessBase"]
[SourceDate "2003.11.25"]
[WhiteTeam "Helsingor"]
[BlackTeam "Sydostfyn"]
[WhiteTeamCountry "DEN"]
[BlackTeamCountry "DEN"]

1. d4 Nf6 2. Nf3 d5 3. c4 dxc4 4. e3 e6 5. Bxc4 c5 6. O-O a6 7. e4 Nxe4 8. Qe2
Nf6 9. d5 Nxd5 10. Rd1 Be7 11. Nc3 O-O 12. Bxd5 exd5 13. Nxd5 Be6 14. Nf6+ Bxf6
15. Rxd8 Rxd8 16. Bg5 Nc6 17. Bxf6 gxf6 18. Qe3 Rd5 19. Qh6 Rad8 20. h3 Ne5 21.
Qxf6 Nxf3+ 22. Qxf3 b5 23. Re1 Rd3 24. Qf6 Rd1 25. Kh2 Rxe1 26. Qxd8+ Kg7 27.
Qg5+ Kf8 28. Qxc5+ Ke8 29. Qc6+ Bd7 30. Qxa6 Re2 31. Qa7 Rc2 32. Qa8+ Rc8 33.
Qe4+ Be6 34. b3 h6 35. a4 bxa4 36. bxa4 Rc4 37. Qa8+ Ke7 38. a5 Kd6 39. a6 Bd5
40. Qb8+ Kc5 41. a7 Ra4 42. Qc7+ Kb4 43. Qd7 Ra5 44. Qxd5 1-0

[Event "Skakliga 2007-08"]
[Site "Denmark"]
[Date "2007.11.11"]
[Round "2.6"]
[White "Jepsen, Thomas"]
[Black "Fagerstrom, Bjorn"]
[Result "1/2-1/2"]
[WhiteElo "2073"]
[BlackElo "2159"]
[PlyCount "62"]
[EventDate "2007.11.10"]
[EventType "team-tourn"]
[EventRounds "9"]
[EventCountry "DEN"]
[Source "ChessBase"]
[SourceDate "2003.11.25"]
[WhiteTeam "Sydostfyn"]
[BlackTeam "Helsingor"]
[WhiteTeamCountry "DEN"]
[BlackTeamCountry "DEN"]

1. Nf3 d5 2. g3 Nf6 3. Bg2 c6 4. O-O Bg4 5. b3 Nbd7 6. Bb2 e6 7. d3 Be7 8. Nbd2
a5 9. c4 a4 10. Rb1 axb3 11. axb3 O-O 12. b4 Qc7 13. Qb3 Rfd8 14. Rfc1 Bf8 15.
Nf1 dxc4 16. dxc4 Bf5 17. Ra1 Qb6 18. Rxa8 Rxa8 19. b5 Nc5 20. Qd1 Rd8 21. Qe1
Nce4 22. Bxf6 Nxf6 23. Ne3 Be4 24. bxc6 bxc6 25. Rd1 Bc5 26. Rxd8+ Qxd8 27. Qd2
Qb6 28. Nd1 h6 29. e3 Qb1 30. Ne1 Bb4 31. Bxe4 Bxd2 1/2-1/2

[Event "Skakliga 2007-08"]
[Site "Denmark"]
[Date "2007.11.11"]
[Round "2.7"]
[White "Dalsberg, Sandra de Blecourt"]
[Black "Nohr, Finn"]
[Result "1/2-1/2"]
[WhiteElo "2052"]
[BlackElo "2058"]
[PlyCount "58"]
[EventDate "2007.11.10"]
[EventType "team-tourn"]
[EventRounds "9"]
[EventCountry "DEN"]
[Source "ChessBase"]
[SourceDate "2003.11.25"]
[WhiteTeam "Helsingor"]
[BlackTeam "Sydostfyn"]
[WhiteTeamCountry "DEN"]
[BlackTeamCountry "DEN"]

1. d4 Nf6 2. c4 c5 3. d5 b5 4. cxb5 a6 5. b6 Qxb6 6. Nc3 g6 7. e4 d6 8. a4 Bg7
9. a5 Qb4 10. Ra4 Qb7 11. Be2 Bd7 12. Ra1 Bb5 13. Nf3 O-O 14. O-O Ne8 15. Qb3
Nc7 16. Nd2 Nd7 17. Nc4 Rab8 18. f4 Bxc4 19. Qxc4 Qb4 20. Ra4 Qxc4 21. Bxc4 Nb5
22. e5 dxe5 23. Ne4 Ra8 24. b4 exf4 25. bxc5 Nxc5 26. Nxc5 Bd4+ 27. Kh1 Bxc5
28. Bxf4 Rfd8 29. Ra2 Nd6 1/2-1/2

[Event "Skakliga 2007-08"]
[Site "Denmark"]
[Date "2007.11.11"]
[Round "2.8"]
[White "Mikkelsen, Jakob"]
[Black "Jensen, Ib"]
[Result "1/2-1/2"]
[WhiteElo "2009"]
[BlackElo "1930"]
[PlyCount "30"]
[EventDate "2007.11.10"]
[EventType "team-tourn"]
[EventRounds "9"]
[EventCountry "DEN"]
[Source "ChessBase"]
[SourceDate "2003.11.25"]
[WhiteTeam "Sydostfyn"]
[BlackTeam "Helsingor"]
[WhiteTeamCountry "DEN"]
[BlackTeamCountry "DEN"]

1. f4 d5 2. Nf3 Nf6 3. e3 Bg4 4. b3 e6 5. Bb2 Be7 6. Be2 c5 7. O-O Nc6 8. d3
O-O 9. Nbd2 Qc7 10. Ne5 Bxe2 11. Qxe2 Nd7 12. Nxd7 Qxd7 13. Nf3 f5 14. Ne5 Nxe5
15. Bxe5 Bf6 1/2-1/2

[Event "Skakliga 2007-08"]
[Site "Denmark"]
[Date "2007.11.11"]
[Round "2.1"]
[White "Hillarp Persson, Tiger"]
[Black "Lund, Silas"]
[Result "1/2-1/2"]
[WhiteElo "2568"]
[BlackElo "2401"]
[PlyCount "87"]
[EventDate "2007.11.10"]
[EventType "team-tourn"]
[EventRounds "9"]
[EventCountry "DEN"]
[Source "ChessBase"]
[SourceDate "2003.11.25"]
[WhiteTeam "Bronshoj"]
[BlackTeam "K41"]
[WhiteTeamCountry "DEN"]
[BlackTeamCountry "DEN"]

1. d4 d5 2. c4 c6 3. e3 Nf6 4. Nf3 Bf5 5. Nc3 e6 6. Nh4 Be4 7. f3 Bg6 8. Nxg6
hxg6 9. Qb3 Qc7 10. g3 Bd6 11. f4 Nbd7 12. Bg2 g5 13. c5 Bf8 14. e4 O-O-O 15.
e5 gxf4 16. gxf4 Ng4 17. Ne2 Be7 18. h3 Bh4+ 19. Ng3 Nh6 20. O-O f5 21. Rf3
Rdg8 22. Ne2 g5 23. fxg5 Nf7 24. Kh1 Nxg5 25. Bxg5 Bxg5 26. Rg1 Nf8 27. Bf1 Bh4
28. Qe3 Rxg1+ 29. Qxg1 Qf7 30. Qe3 Ng6 31. b4 Bd8 32. a4 Rh4 33. b5 Re4 34. Qg1
Bh4 35. bxc6 bxc6 36. Rb3 Nf8 37. Ng3 Bxg3 38. Ba6+ Kd8 39. Qxg3 Nd7 40. Rb7
Rxd4 41. Qg5+ Qe7 42. Qg8+ Qe8 43. Qg5+ Qe7 44. Qg8+ 1/2-1/2

[Event "Skakliga 2007-08"]
[Site "Denmark"]
[Date "2007.11.11"]
[Round "2.2"]
[White "Pilgaard, Kim"]
[Black "Smith, Axel"]
[Result "0-1"]
[WhiteElo "2453"]
[BlackElo "2384"]
[PlyCount "72"]
[EventDate "2007.11.10"]
[EventType "team-tourn"]
[EventRounds "9"]
[EventCountry "DEN"]
[Source "ChessBase"]
[SourceDate "2003.11.25"]
[WhiteTeam "Bronshoj"]
[BlackTeam "K41"]
[WhiteTeamCountry "DEN"]
[BlackTeamCountry "DEN"]

1. e4 c5 2. Nf3 Nc6 3. d4 cxd4 4. Nxd4 Nf6 5. Nc3 e5 6. Ndb5 d6 7. Bg5 a6 8.
Na3 b5 9. Bxf6 gxf6 10. Nd5 f5 11. c3 Bg7 12. exf5 Bxf5 13. Nc2 O-O 14. Nce3
Be6 15. Bd3 f5 16. O-O Ra7 17. a4 Ne7 18. Nxe7+ Rxe7 19. axb5 axb5 20. Bxb5 d5
21. Ra6 Kh8 22. Qa4 f4 23. Nc2 Bc8 24. Ra8 Re6 25. Rd1 Rh6 26. Ne1 e4 27. Bf1
f3 28. h3 fxg2 29. Bxg2 Qh4 30. Nf3 exf3 31. Qxh4 Rxh4 32. Bxf3 d4 33. Bg4 dxc3
34. Bxc8 cxb2 35. Bb7 Rb4 36. Rxf8+ Bxf8 0-1

[Event "Skakliga 2007-08"]
[Site "Denmark"]
[Date "2007.11.11"]
[Round "2.3"]
[White "Ost Hansen, Jacob"]
[Black "Hoi, Carsten"]
[Result "1/2-1/2"]
[WhiteElo "2415"]
[BlackElo "2409"]
[PlyCount "93"]
[EventDate "2007.11.10"]
[EventType "team-tourn"]
[EventRounds "9"]
[EventCountry "DEN"]
[Source "ChessBase"]
[SourceDate "2003.11.25"]
[WhiteTeam "K41"]
[BlackTeam "Bronshoj"]
[WhiteTeamCountry "DEN"]
[BlackTeamCountry "DEN"]

1. g3 d5 2. Nf3 c6 3. b3 Nf6 4. Bg2 g6 5. Bb2 Bg7 6. O-O O-O 7. d3 Nbd7 8. Nbd2
Qc7 9. c4 e5 10. cxd5 Nxd5 11. Qc2 Re8 12. a3 Nf8 13. Rac1 Bg4 14. h3 Bxf3 15.
Nxf3 Rad8 16. Rfe1 Ne6 17. e3 h6 18. b4 a6 19. Qb3 Qd6 20. Red1 Kh7 21. Qa2 f5
22. Qa1 Ng5 23. e4 Nxf3+ 24. Bxf3 Nc7 25. exf5 gxf5 26. Rc5 Ne6 27. Bxe5 Nxc5
28. Bxd6 Bxa1 29. bxc5 Be5 30. Bh5 Bxd6 31. Bxe8 Bxc5 32. Bf7 Bxa3 33. Be6 Kg6
34. g4 fxg4 35. hxg4 a5 36. Kg2 b5 37. f4 a4 38. Rh1 Bf8 39. Bf5+ Kf6 40. Re1
Rd6 41. Re8 Bg7 42. Ra8 h5 43. Kg3 hxg4 44. Kxg4 c5 45. Ra5 b4 46. Rxa4 b3 47.
d4 1/2-1/2

[Event "Skakliga 2007-08"]
[Site "Denmark"]
[Date "2007.11.11"]
[Round "2.4"]
[White "Brinck Claussen, Bjorn"]
[Black "Greger, Roland Reinhard"]
[Result "0-1"]
[WhiteElo "2292"]
[BlackElo "2359"]
[PlyCount "54"]
[EventDate "2007.11.10"]
[EventType "team-tourn"]
[EventRounds "9"]
[EventCountry "DEN"]
[Source "ChessBase"]
[SourceDate "2003.11.25"]
[WhiteTeam "Bronshoj"]
[BlackTeam "K41"]
[WhiteTeamCountry "DEN"]
[BlackTeamCountry "DEN"]

1. e4 e6 2. d4 d5 3. Nc3 Nf6 4. e5 Nfd7 5. f4 c5 6. Nf3 Nc6 7. Be3 Qb6 8. Na4
Qa5+ 9. c3 cxd4 10. Nxd4 Nxd4 11. Bxd4 b5 12. Nc5 Bxc5 13. Bxc5 Nxc5 14. b4 Qa3
15. bxc5 Qxc3+ 16. Kf2 Qxc5+ 17. Kf3 d4 18. Bd3 Bb7+ 19. Kg3 g5 20. Qe2 Rg8 21.
f5 exf5 22. Bxf5 Kf8 23. Bxh7 Rh8 24. Bd3 Re8 25. Rae1 Qd5 26. Rhf1 Rxe5 27.
Qf2 Rxe1 0-1

[Event "Skakliga 2007-08"]
[Site "Denmark"]
[Date "2007.11.11"]
[Round "2.5"]
[White "Semcesen, Daniel"]
[Black "Carstensen, Jacob"]
[Result "1-0"]
[WhiteElo "2293"]
[BlackElo "2300"]
[PlyCount "55"]
[EventDate "2007.11.10"]
[EventType "team-tourn"]
[EventRounds "9"]
[EventCountry "DEN"]
[Source "ChessBase"]
[SourceDate "2003.11.25"]
[WhiteTeam "K41"]
[BlackTeam "Bronshoj"]
[WhiteTeamCountry "DEN"]
[BlackTeamCountry "DEN"]

1. d4 d5 2. Nf3 Nf6 3. c4 dxc4 4. Qa4+ Nbd7 5. Qxc4 e6 6. g3 c5 7. Bg2 a6 8.
Qc2 cxd4 9. Nxd4 e5 10. Nf5 g6 11. Nh6 Bg7 12. O-O Qe7 13. h3 Nc5 14. Nc3 Ne6
15. Qa4+ Bd7 16. Qh4 Rb8 17. Rd1 Bc8 18. Be3 Ng8 19. Qa4+ b5 20. Nxg8 Rxg8 21.
Qa5 Nd4 22. Nd5 Qd8 23. Nc7+ Kf8 24. Bd2 Rh8 25. Bb4+ Kg8 26. e3 Rb7 27. exd4
Qxc7 28. Rac1 1-0

[Event "Skakliga 2007-08"]
[Site "Denmark"]
[Date "2007.11.11"]
[Round "2.6"]
[White "Palm, Nikolaj"]
[Black "Naes, Flovin Tor"]
[Result "1/2-1/2"]
[WhiteElo "2260"]
[BlackElo "2243"]
[PlyCount "43"]
[EventDate "2007.11.10"]
[EventType "team-tourn"]
[EventRounds "9"]
[EventCountry "DEN"]
[Source "ChessBase"]
[SourceDate "2003.11.25"]
[WhiteTeam "Bronshoj"]
[BlackTeam "K41"]
[WhiteTeamCountry "DEN"]
[BlackTeamCountry "DEN"]

1. d4 d5 2. Nf3 Nf6 3. c4 dxc4 4. Nc3 a6 5. a4 Nc6 6. e3 Na5 7. Ne5 Be6 8. g4
g6 9. f4 Nb3 10. Rb1 c5 11. f5 Bd5 12. e4 cxd4 13. Nxd5 Nxd5 14. Bxc4 Nxc1 15.
Rxc1 Qa5+ 16. Kf2 Bh6 17. Bxd5 Bxc1 18. Qxc1 e6 19. Bxb7 Qxe5 20. Bxa8 O-O 21.
Bb7 Rb8 22. Bxa6 1/2-1/2

[Event "Skakliga 2007-08"]
[Site "Denmark"]
[Date "2007.11.11"]
[Round "2.7"]
[White "Clausen, Steen"]
[Black "Aabling Thomsen, Jakob"]
[Result "1/2-1/2"]
[WhiteElo "2240"]
[BlackElo "2269"]
[PlyCount "51"]
[EventDate "2007.11.10"]
[EventType "team-tourn"]
[EventRounds "9"]
[EventCountry "DEN"]
[Source "ChessBase"]
[SourceDate "2003.11.25"]
[WhiteTeam "K41"]
[BlackTeam "Bronshoj"]
[WhiteTeamCountry "DEN"]
[BlackTeamCountry "DEN"]

1. d4 Nf6 2. Nf3 g6 3. c4 Bg7 4. Nc3 O-O 5. e4 d6 6. Be2 e5 7. dxe5 dxe5 8.
Qxd8 Rxd8 9. Bg5 Re8 10. Nd5 Nxd5 11. cxd5 c6 12. Bc4 cxd5 13. Bxd5 Nc6 14.
O-O-O Be6 15. Kb1 f5 16. Bxe6+ Rxe6 17. Be3 h6 18. Rd7 f4 19. Bc5 b6 20. Ba3
Bf8 21. Bxf8 Rxf8 22. Rhd1 g5 23. Rc7 Rfe8 24. Rdd7 a6 25. Rg7+ Kh8 26. Rh7+
1/2-1/2

[Event "Skakliga 2007-08"]
[Site "Denmark"]
[Date "2007.11.11"]
[Round "2.8"]
[White "Petersen, Steen Brustrup"]
[Black "Laursen, Niels Norskov"]
[Result "0-1"]
[WhiteElo "2136"]
[BlackElo "2170"]
[PlyCount "78"]
[EventDate "2007.11.10"]
[EventType "team-tourn"]
[EventRounds "9"]
[EventCountry "DEN"]
[Source "ChessBase"]
[SourceDate "2003.11.25"]
[WhiteTeam "Bronshoj"]
[BlackTeam "K41"]
[WhiteTeamCountry "DEN"]
[BlackTeamCountry "DEN"]

1. e4 c5 2. Nf3 e6 3. d4 cxd4 4. Nxd4 a6 5. Nc3 Qc7 6. Bd3 Nf6 7. O-O Bc5 8.
Nb3 Be7 9. f4 d6 10. a4 b6 11. e5 Nfd7 12. exd6 Bxd6 13. Ne4 Be7 14. f5 exf5
15. Bf4 Ne5 16. Ng3 g6 17. Re1 f6 18. Nxf5 Bxf5 19. Bxf5 gxf5 20. Qh5+ Kd8 21.
Rad1+ Kc8 22. Qxf5+ Kb7 23. Nd4 Rc8 24. Kh1 Nbd7 25. Qe4+ Ka7 26. Qxh7 Re8 27.
Qe4 Qb7 28. Bxe5 Nxe5 29. Qf5 Rad8 30. c3 Rg8 31. Nf3 Bd6 32. b4 Ng4 33. Rd2
Nxh2 34. Nd4 Be5 35. b5 Bxd4 36. bxa6 Rh8 37. cxd4 Nf3+ 38. Qh3 Rxh3+ 39. gxh3
Qh7 0-1

[Event "Skakliga 2007-08"]
[Site "Denmark"]
[Date "2007.11.11"]
[Round "2.1"]
[White "Skytte, Rasmus"]
[Black "Hector, Jonny"]
[Result "0-1"]
[WhiteElo "2409"]
[BlackElo "2550"]
[PlyCount "71"]
[EventDate "2007.11.10"]
[EventType "team-tourn"]
[EventRounds "9"]
[EventCountry "DEN"]
[Source "ChessBase"]
[SourceDate "2003.11.25"]
[WhiteTeam "Aarhus/Skolerne"]
[BlackTeam "Nordkalotten"]
[WhiteTeamCountry "DEN"]
[BlackTeamCountry "DEN"]

1. c4 Nf6 2. Nc3 e5 3. Nf3 Nc6 4. a3 g6 5. d3 Bg7 6. g3 d5 7. cxd5 Nxd5 8. Bd2
h6 9. Bg2 Nde7 10. b4 Be6 11. O-O O-O 12. Rb1 a6 13. Na4 Qe8 14. Qc1 g5 15. Nc5
Bc8 16. a4 b6 17. b5 axb5 18. axb5 bxc5 19. bxc6 Nxc6 20. Qxc5 Ra2 21. Be3 Bd7
22. Rfc1 Rxe2 23. Nxg5 hxg5 24. Bf3 Nd4 25. Bxd4 exd4 26. Bxe2 Qxe2 27. Qxg5
Qxd3 28. Rb7 Qe4 29. Rbxc7 Bh3 30. f3 Qxf3 31. R7c2 Re8 32. Rf2 Qe4 33. Qd2 d3
34. Re1 Qxe1+ 35. Qxe1 Rxe1+ 36. Rf1 0-1

[Event "Skakliga 2007-08"]
[Site "Denmark"]
[Date "2007.11.11"]
[Round "2.2"]
[White "Brynell, Stellan"]
[Black "Sorensen, Jan"]
[Result "1/2-1/2"]
[WhiteElo "2508"]
[BlackElo "2423"]
[PlyCount "95"]
[EventDate "2007.11.10"]
[EventType "team-tourn"]
[EventRounds "9"]
[EventCountry "DEN"]
[Source "ChessBase"]
[SourceDate "2003.11.25"]
[WhiteTeam "Nordkalotten"]
[BlackTeam "Aarhus/Skolerne"]
[WhiteTeamCountry "DEN"]
[BlackTeamCountry "DEN"]

1. d4 Nf6 2. Nf3 c5 3. g3 cxd4 4. Nxd4 Nc6 5. Bg2 Qb6 6. Nb3 g6 7. O-O Bg7 8.
c4 d6 9. Nc3 Be6 10. Be3 Qd8 11. Nd4 Nxd4 12. Bxd4 O-O 13. Bxb7 Rb8 14. Bg2
Rxb2 15. Nd5 Rb8 16. Bxa7 Rc8 17. Bb6 Qd7 18. Bd4 Bxd5 19. cxd5 Rc4 20. a4 Ra8
21. a5 Qb5 22. Bb6 Nd7 23. Rb1 Rb4 24. Rxb4 Qxb4 25. Qb1 Bc3 26. Qc2 Qa3 27.
Qd3 Ne5 28. Qe3 Qb2 29. h3 Bxa5 30. Bd4 Qd2 31. Ra1 Rc8 32. Qxd2 Bxd2 33. Ra2
Bb4 34. f4 Nd7 35. Ra7 Rd8 36. Rb7 Ba3 37. h4 Kf8 38. Kh2 Bc5 39. Bc3 Nf6 40.
Bf3 h5 41. Kh3 Be3 42. Bxf6 exf6 43. f5 Bd4 44. Rb4 Bc3 45. Rc4 Be5 46. g4
hxg4+ 47. Kxg4 Rd7 48. Be4 1/2-1/2

[Event "Skakliga 2007-08"]
[Site "Denmark"]
[Date "2007.11.11"]
[Round "2.3"]
[White "Rasmussen, Casper Dahl"]
[Black "Kristensen, Kaare Hove"]
[Result "1-0"]
[WhiteElo "2368"]
[BlackElo "2318"]
[PlyCount "71"]
[EventDate "2007.11.10"]
[EventType "team-tourn"]
[EventRounds "9"]
[EventCountry "DEN"]
[Source "ChessBase"]
[SourceDate "2003.11.25"]
[WhiteTeam "Aarhus/Skolerne"]
[BlackTeam "Nordkalotten"]
[WhiteTeamCountry "DEN"]
[BlackTeamCountry "DEN"]

1. Nf3 d5 2. d4 Nc6 3. c4 Bg4 4. Nc3 Bxf3 5. exf3 e6 6. cxd5 exd5 7. Bb5 a6 8.
Ba4 Nf6 9. O-O Be7 10. Bxc6+ bxc6 11. Be3 O-O 12. Na4 Nd7 13. Rc1 Nb8 14. Bf4
Ra7 15. Re1 Rb7 16. b3 Bd6 17. Be5 Re8 18. Rc2 f6 19. Bg3 Rxe1+ 20. Qxe1 Kf7
21. Qd1 Qd7 22. Qd3 Rb4 23. h4 g6 24. Re2 Kg7 25. Qe3 Qf7 26. Bf4 Bxf4 27. Qxf4
Nd7 28. Qxc7 Rxd4 29. Nc5 Rd1+ 30. Kh2 Ne5 31. Ne6+ Kh6 32. Qd6 Nd3 33. g4 f5
34. Ng5 Qa7 35. Qf8+ Qg7 36. Nf7# 1-0

[Event "Skakliga 2007-08"]
[Site "Denmark"]
[Date "2007.11.11"]
[Round "2.4"]
[White "Ejsing, Esben"]
[Black "Boe, Mads"]
[Result "0-1"]
[WhiteElo "2244"]
[BlackElo "2355"]
[PlyCount "114"]
[EventDate "2007.11.10"]
[EventType "team-tourn"]
[EventRounds "9"]
[EventCountry "DEN"]
[Source "ChessBase"]
[SourceDate "2003.11.25"]
[WhiteTeam "Nordkalotten"]
[BlackTeam "Aarhus/Skolerne"]
[WhiteTeamCountry "DEN"]
[BlackTeamCountry "DEN"]

1. e4 e5 2. Nf3 d6 3. d4 Nf6 4. Nc3 Nbd7 5. Bc4 Be7 6. O-O O-O 7. Qe2 c6 8. a4
Qc7 9. a5 Rb8 10. d5 b5 11. axb6 Nxb6 12. dxc6 Qxc6 13. Bb3 Rb7 14. Bg5 Be6 15.
Bxe6 fxe6 16. Ra6 Qe8 17. Rfa1 Nc8 18. b3 Bd8 19. Ne1 Bb6 20. Na4 Bd8 21. Nd3
Nd7 22. Be3 Nb8 23. Nab2 Nxa6 24. Rxa6 Qb5 25. Ra3 Bb6 26. c4 Qc6 27. f3 Ne7
28. c5 Bxc5 29. Bxc5 dxc5 30. Nxe5 Qc7 31. Nbc4 Nc6 32. Nxc6 Qxc6 33. e5 Qd5
34. h3 Rd8 35. Kh2 Qd3 36. Qa2 Rdd7 37. Nd6 Rxd6 38. exd6 Qxd6+ 39. Kh1 Qd1+
40. Kh2 Qd6+ 41. Kh1 Qd7 42. Qe2 h6 43. f4 Qd5 44. Ra6 Rxb3 45. Kh2 Qf5 46. Ra4
Rb4 47. Rxb4 cxb4 48. Qc4 a5 49. g4 Qd5 50. Qc8+ Kh7 51. Qc2+ Kg8 52. Kg3 b3
53. Qc8+ Kh7 54. f5 exf5 55. gxf5 Qe5+ 56. Kg4 b2 57. Qc2 Qf6 0-1

[Event "Skakliga 2007-08"]
[Site "Denmark"]
[Date "2007.11.11"]
[Round "2.5"]
[White "Hagen, Andreas Skytte"]
[Black "Jakobsen, Peter"]
[Result "1/2-1/2"]
[WhiteElo "2296"]
[BlackElo "2215"]
[PlyCount "44"]
[EventDate "2007.11.10"]
[EventType "team-tourn"]
[EventRounds "9"]
[EventCountry "DEN"]
[Source "ChessBase"]
[SourceDate "2003.11.25"]
[WhiteTeam "Aarhus/Skolerne"]
[BlackTeam "Nordkalotten"]
[WhiteTeamCountry "DEN"]
[BlackTeamCountry "DEN"]

1. Nf3 d5 2. d4 Nf6 3. c4 e6 4. Nc3 Be7 5. Bg5 h6 6. Bh4 O-O 7. e3 b6 8. Be2
Bb7 9. Bxf6 Bxf6 10. cxd5 exd5 11. O-O Qe7 12. Qb3 Rd8 13. Rad1 c5 14. dxc5
Bxc3 15. Qxc3 bxc5 16. Ne5 Re8 17. Qb3 Qc7 18. Rxd5 Bxd5 19. Qxd5 Na6 20. Nxf7
Qxf7 21. Qxf7+ Kxf7 22. Bxa6 Rad8 1/2-1/2

[Event "Skakliga 2007-08"]
[Site "Denmark"]
[Date "2007.11.11"]
[Round "2.6"]
[White "Nielsen, Lars Aaes"]
[Black "Jacobsen, Bo"]
[Result "1-0"]
[WhiteElo "2201"]
[BlackElo "2317"]
[PlyCount "105"]
[EventDate "2007.11.10"]
[EventType "team-tourn"]
[EventRounds "9"]
[EventCountry "DEN"]
[Source "ChessBase"]
[SourceDate "2003.11.25"]
[WhiteTeam "Nordkalotten"]
[BlackTeam "Aarhus/Skolerne"]
[WhiteTeamCountry "DEN"]
[BlackTeamCountry "DEN"]

1. e4 e5 2. Nf3 Nc6 3. d4 exd4 4. Bc4 d6 5. Nxd4 Be7 6. Nc3 Nf6 7. Nxc6 bxc6 8.
h3 O-O 9. O-O Nd7 10. Ne2 Bf6 11. Ng3 Rb8 12. c3 d5 13. Bb3 Ba6 14. Re1 Ne5 15.
Bc2 g6 16. b3 Re8 17. f4 Nd7 18. e5 Bg7 19. Ba3 Qh4 20. Qg4 Qxg4 21. hxg4 g5
22. Bf5 Nf8 23. Bxf8 Kxf8 24. Bd7 gxf4 25. Bxe8 Rxe8 26. Nf5 Bxe5 27. Rac1 c5
28. Kf2 Bc8 29. Rh1 Bxf5 30. gxf5 Kg7 31. Rh3 Rd8 32. Re1 Kf6 33. Rh6+ Kg5 34.
Rxh7 f6 35. Rd1 Kxf5 36. Rh3 a5 37. Rhd3 c6 38. Kf3 Rb8 39. c4 d4 40. a4 Rg8
41. Kf2 Ke4 42. Rf3 Rd8 43. Re1+ Kf5 44. Rd1 Rb8 45. Ke2 Ke4 46. Kd2 Rg8 47.
Re1+ Kf5 48. Re2 Rh8 49. Ref2 Kg4 50. Ke2 Rh1 51. Rf1 Rh2 52. R1f2 Kf5 53. g4+
1-0

[Event "Skakliga 2007-08"]
[Site "Denmark"]
[Date "2007.11.11"]
[Round "2.7"]
[White "Christensen, Tobias"]
[Black "Lilja, Richard"]
[Result "1-0"]
[WhiteElo "2321"]
[BlackElo "2109"]
[PlyCount "111"]
[EventDate "2007.11.10"]
[EventType "team-tourn"]
[EventRounds "9"]
[EventCountry "DEN"]
[Source "ChessBase"]
[SourceDate "2003.11.25"]
[WhiteTeam "Aarhus/Skolerne"]
[BlackTeam "Nordkalotten"]
[WhiteTeamCountry "DEN"]
[BlackTeamCountry "DEN"]

1. Nf3 Nf6 2. b4 g6 3. Bb2 Bg7 4. c4 O-O 5. g3 d6 6. Bg2 e5 7. d3 Nh5 8. Qb3 a5
9. bxa5 Nc6 10. O-O Nxa5 11. Qc2 f5 12. e3 Be6 13. Nbd2 Nc6 14. Bc3 Bh6 15. d4
e4 16. d5 exf3 17. Nxf3 Bd7 18. dxc6 Bxc6 19. c5 Be4 20. Qb3+ d5 21. Rfd1 Qe7
22. Rxd5 Bxd5 23. Qxd5+ Qf7 24. Ne5 Qxd5 25. Bxd5+ Kg7 26. Nd7+ Nf6 27. Bxb7
Ra3 28. Bb2 Ra7 29. Bd5 c6 30. Nxf8 cxd5 31. Nxh7 Kxh7 32. Bxf6 Bf8 33. Bd4 Ra6
34. Kg2 Kg8 35. g4 f4 36. exf4 Ra4 37. Rd1 Rc4 38. Be3 Bxc5 39. Rxd5 Bxe3 40.
fxe3 Rc2+ 41. Kg3 Rxa2 42. h4 Re2 43. Kf3 Rh2 44. h5 Rh3+ 45. Ke4 gxh5 46. Rxh5
Rg3 47. g5 Kg7 48. f5 Rg4+ 49. Ke5 Ra4 50. e4 Ra1 51. g6 Ra5+ 52. Kf4 Ra4 53.
Rh7+ Kg8 54. Rb7 Ra8 55. f6 Rc8 56. Rg7+ 1-0

[Event "Skakliga 2007-08"]
[Site "Denmark"]
[Date "2007.11.11"]
[Round "2.8"]
[White "Koch, Soren Andreas"]
[Black "Pedersen, Finn"]
[Result "1-0"]
[WhiteElo "2094"]
[BlackElo "2262"]
[PlyCount "155"]
[EventDate "2007.11.10"]
[EventType "team-tourn"]
[EventRounds "9"]
[EventCountry "DEN"]
[Source "ChessBase"]
[SourceDate "2003.11.25"]
[WhiteTeam "Nordkalotten"]
[BlackTeam "Aarhus/Skolerne"]
[WhiteTeamCountry "DEN"]
[BlackTeamCountry "DEN"]

1. d4 d5 2. Nf3 c6 3. c4 Nf6 4. Qc2 e6 5. Bg5 Nbd7 6. e3 Qa5+ 7. Nbd2 Ne4 8.
Bh4 Bb4 9. Bd3 Ndf6 10. Bxf6 Bxd2+ 11. Nxd2 Nxf6 12. Qc3 Qxc3 13. bxc3 b6 14.
cxd5 cxd5 15. Ke2 Bd7 16. Rhc1 Ke7 17. c4 Rhc8 18. cxd5 exd5 19. Ba6 Rxc1 20.
Rxc1 Kd6 21. f3 Bc6 22. a3 Re8 23. Bd3 h5 24. Nb1 Bb7 25. Nc3 Bc6 26. Kd2 Re7
27. h4 g6 28. Rg1 a6 29. a4 Bb7 30. Rb1 Kc7 31. Re1 Rd7 32. Rg1 Rd8 33. Ne2 Ne8
34. Rc1+ Kb8 35. g4 Nf6 36. g5 Ng8 37. f4 Ne7 38. Ng3 Bc6 39. Bxa6 Bxa4 40. Bd3
Kb7 41. f5 Re8 42. fxg6 fxg6 43. Ne2 Ra8 44. Nc3 Bd7 45. Rb1 Ra5 46. e4 dxe4
47. Bxe4+ Kc7 48. d5 b5 49. Ke3 Be8 50. Kd4 Nc8 51. Kc5 Nd6 52. Bd3 Ra3 53. Kb4
Ra6 54. Re1 Bf7 55. Nxb5+ Kd7 56. Nc3 Rb6+ 57. Kc5 Rb3 58. Kd4 Rb4+ 59. Ke5
Rxh4 60. Ra1 Nc4+ 61. Bxc4 Rxc4 62. Ra7+ Rc7 63. Rxc7+ Kxc7 64. Kf6 Be8 65. Ke7
Bd7 66. d6+ Kc6 67. Ne2 Bc8 68. Nd4+ Kd5 69. Nf3 Ke4 70. Nh4 Kf4 71. Kf6 Kg3
72. Nxg6 Bd7 73. Ne5 h4 74. g6 h3 75. g7 h2 76. g8=Q+ Kf2 77. Qh8 Kg1 78. Nxd7
1-0

[Event "Skakliga 2007-08"]
[Site "Denmark"]
[Date "2007.11.11"]
[Round "2.1"]
[White "Rasmussen, Allan Stig"]
[Black "Nielsen, Peter Heine"]
[Result "1/2-1/2"]
[WhiteElo "2475"]
[BlackElo "2628"]
[PlyCount "59"]
[EventDate "2007.11.10"]
[EventType "team-tourn"]
[EventRounds "9"]
[EventCountry "DEN"]
[Source "ChessBase"]
[SourceDate "2003.11.25"]
[WhiteTeam "Jetsmark"]
[BlackTeam "Helsinge"]
[WhiteTeamCountry "DEN"]
[BlackTeamCountry "DEN"]

1. e4 e5 2. Nf3 Nc6 3. Bb5 a6 4. Ba4 Nf6 5. O-O b5 6. Bb3 Bc5 7. Nxe5 Nxe5 8.
d4 Bxd4 9. Qxd4 d6 10. c3 O-O 11. Re1 c5 12. Qd1 Bb7 13. Bc2 Re8 14. Bf4 Ng6
15. Qxd6 Qxd6 16. Bxd6 Bxe4 17. Na3 Bxc2 18. Nxc2 Ne4 19. Rad1 Nxd6 20. Rxd6
Ne5 21. Rd5 f6 22. f4 Nc4 23. b3 Rxe1+ 24. Nxe1 Re8 25. Nf3 Ne3 26. Rxc5 Nd1
27. c4 Re2 28. cxb5 axb5 29. Rc1 Nf2 30. a4 1/2-1/2